LIBRARY & INFORMATION CENTRE, KCAET, TAVANUR

ONLINE PUBLIC ACCESS CATALOGUE (OPAC)

Prarambik rachanayem / (Record no. 8322)

MARC details
000 -LEADER
fixed length control field 00409cam a2200181ua 4500
041 ## - LANGUAGE CODE
Language code of text/sound track or separate title hin
082 ## - DEWEY DECIMAL CLASSIFICATION NUMBER
Classification number 821.54
Item number BAC/PR
100 ## - MAIN ENTRY--AUTHOR NAME
Personal name Buchan, .
245 ## - TITLE STATEMENT
Title Prarambik rachanayem /
250 ## - EDITION STATEMENT
Edition statement 1 /
260 ## - PUBLICATION, DISTRIBUTION, ETC. (IMPRINT)
Place of publication :
Name of publisher Bharati Bhandar ,
Year of publication 1946.
300 ## - PHYSICAL DESCRIPTION
Number of Pages 170 ; .
942 ## - ADDED ENTRY ELEMENTS (KOHA)
Koha item type Books
Holdings
Withdrawn status Lost status Damaged status Home library Current library Date acquired Full call number Accession Number Koha item type Public note
Withdrawn     KAUAET Sanskrit University 07/04/2012 821.54 6323 Books Transferred to Sanskrit University
free website counter